[Event "RN-2018-0-01461"]
[Site "LSS email"]
[Date "2018.08.19"]
[Round "?"]
[White "Semenov, Zhenya"]
[Black "Neuhausen, Rainer"]
[Result "1-0"]
[WhiteElo "870"]
[BlackElo "908"]
[PlyCount "49"]
[EventDate "2018.08.03"]
[EventType "tourn (corr)"]
[EventRounds "6"]
[EventCountry "GER"]
[SourceTitle "Corr 2022"]
[Source "ChessBase"]
[SourceDate "2021.10.24"]
[SourceVersion "1"]
[SourceVersionDate "2021.10.24"]
[SourceQuality "1"]

1. d4 d5 2. Nf3 Nf6 3. c4 e6 4. Nc3 c5 5. e3 Be7 6. Bd2 Nbd7 7. Qc2 0-0 8. Bd3 Nb6 9. b3 Bd7 10. Ne5 Bd6 11. Nxd7 Qxd7 12. Nb5 Be7 13. a4 a6 14. Na3 cxd4 15. exd4 h6 16. 0-0 dxc4 17. Nxc4 Nbd5 18. a5 Rac8 19. Qb1 Nh7 20. Bxh7+ Kh8 21. Be4 Nf6 22. Qd3 Nxe4 23. Qxe4 Bf6 24. Be3 Qb5 25. Rab1 1-0

[Event "RN-2018-0-01449"]
[Site "LSS email"]
[Date "2018.07.03"]
[Round "?"]
[White "Cherry, Brian"]
[Black "Semenov, Zhenya"]
[Result "1-0"]
[WhiteElo "356"]
[BlackElo "849"]
[PlyCount "85"]
[EventDate "2018.06.19"]
[EventType "tourn (corr)"]
[EventRounds "6"]
[EventCountry "GER"]
[SourceTitle "Corr 2022"]
[Source "ChessBase"]
[SourceDate "2021.10.24"]
[SourceVersion "1"]
[SourceVersionDate "2021.10.24"]
[SourceQuality "1"]

1. e4 c5 2. d3 e5 3. Nf3 Nc6 4. Nc3 d6 5. Bg5 Be7 6. Bxe7 Ngxe7 7. a3 0-0 8. Nd5 Be6 9. c4 Nd4 10. Nxd4 Nxd5 11. Nxe6 fxe6 12. cxd5 exd5 13. Qb3 b6 14. Qxd5+ Kh8 15. f3 a5 16. Be2 Rb8 17. 0-0 Rf6 18. Rfc1 Qd7 19. Qb3 Rg6 20. Qd1 Qh3 21. Qf1 Rf8 22. Kh1 Qh4 23. g3 Rxg3 24. Qf2 Rh3 25. Qxh4 Rxh4 26. Rg1 g6 27. Rg4 Rf4 28. Rxh4 Rxh4 29. Rg1 Kg7 30. Rg4 Rxg4 31. fxg4 b5 32. Bd1 Kf6 33. Kg2 b4 34. axb4 cxb4 35. Kf2 Ke6 36. g5 d5 37. exd5+ Kxd5 38. Ke3 Kd6 39. d4 Kd5 40. Bb3+ Kd6 41. Ke4 exd4 42. Kxd4 Kc6 43. Ke5 1-0

[Event "RN-2018-0-01449"]
[Site "LSS email"]
[Date "2018.07.03"]
[Round "?"]
[White "Semenov, Zhenya"]
[Black "Bester, Kazimierz"]
[Result "1-0"]
[WhiteElo "849"]
[BlackElo "756"]
[PlyCount "51"]
[EventDate "2018.06.19"]
[EventType "tourn (corr)"]
[EventRounds "6"]
[EventCountry "GER"]
[SourceTitle "Corr 2022"]
[Source "ChessBase"]
[SourceDate "2021.10.24"]
[SourceVersion "1"]
[SourceVersionDate "2021.10.24"]
[SourceQuality "1"]

1. Nf3 d6 2. d4 Nf6 3. c4 Bg4 4. e3 Nbd7 5. Bd2 e5 6. Be2 e4 7. Ng1 Bf5 8. Nc3 Be7 9. h4 h5 10. Nh3 Ng4 11. g3 f6 12. Nd5 Bf8 13. Qb3 b6 14. Nb4 Qc8 15. Nf4 a5 16. Nc6 Qb7 17. Qb5 g5 18. Nd5 Bg7 19. a4 Be6 20. Nc3 Bf7 21. hxg5 fxg5 22. Bxg4 hxg4 23. Ke2 Bf6 24. Nd5 Bxd5 25. Qxd5 Rf8 26. Qe6+ 1-0

[Event "RN-2018-0-01449"]
[Site "LSS email"]
[Date "2018.07.02"]
[Round "?"]
[White "Kuttner, Jaromir"]
[Black "Semenov, Zhenya"]
[Result "0-1"]
[WhiteElo "959"]
[BlackElo "849"]
[PlyCount "66"]
[EventDate "2018.06.19"]
[EventType "tourn (corr)"]
[EventRounds "6"]
[EventCountry "GER"]
[SourceTitle "Corr 2022"]
[Source "ChessBase"]
[SourceDate "2021.10.24"]
[SourceVersion "1"]
[SourceVersionDate "2021.10.24"]
[SourceQuality "1"]

1. e4 c5 2. Nf3 Nc6 3. d4 cxd4 4. Nxd4 Nf6 5. Nc3 e5 6. Nde2 Bb4 7. f3 d5 8. Bd2 d4 9. Nb5 Bxd2+ 10. Qxd2 a6 11. Na3 0-0 12. Rd1 Be6 13. c3 dxc3 14. Qxc3 Qc7 15. Ng3 Rac8 16. Be2 Nd4 17. Qb4 Nxe2 18. Nxe2 a5 19. Qb5 b6 20. 0-0 Qc5+ 21. Qxc5 bxc5 22. b3 a4 23. Nc4 axb3 24. axb3 Bxc4 25. bxc4 Rfd8 26. Nc3 Rd4 27. Rxd4 cxd4 28. Nd5 Rxc4 29. Nxf6+ gxf6 30. Rd1 Kf8 31. Rd3 Ke7 32. h4 Kd6 33. g4 Rc3 0-1

[Event "RF-2018-0-00441"]
[Site "LSS email"]
[Date "2018.07.02"]
[Round "?"]
[White "Semenov, Zhenya"]
[Black "Raines, David T"]
[Result "0-1"]
[WhiteElo "853"]
[BlackElo "1237"]
[PlyCount "110"]
[EventDate "2018.06.17"]
[EventType "tourn (corr)"]
[EventRounds "6"]
[EventCountry "GER"]
[SourceTitle "Corr 2022"]
[Source "ChessBase"]
[SourceDate "2021.10.24"]
[SourceVersion "1"]
[SourceVersionDate "2021.10.24"]
[SourceQuality "1"]

1. Nf3 Nf6 2. g3 b6 3. Bg2 Bb7 4. 0-0 e6 5. d4 Be7 6. c4 d5 7. Nc3 0-0 8. b3 Nbd7 9. Bb2 c5 10. e3 Rc8 11. Rc1 a6 12. Qd2 Ne4 13. Nxe4 dxe4 14. Ne1 cxd4 15. Bxd4 Bf6 16. Nc2 Ne5 17. Ne1 Qc7 18. Bxe5 Bxe5 19. Qc2 Qc6 20. f4 exf3 21. Nxf3 Qc7 22. Ng5 g6 23. Bxb7 Qxb7 24. Qe4 Qxe4 25. Nxe4 Rfd8 26. Kf2 f5 27. Ng5 Rd6 28. Rfd1 Rcd8 29. Rxd6 Rxd6 30. Nf3 Bb2 31. Rc2 Ba3 32. Rd2 Rxd2+ 33. Nxd2 Bb4 34. Nf3 Bd6 35. Nd4 Kf7 36. Kf3 e5 37. Nc6 Ke6 38. b4 e4+ 39. Ke2 Bc7 40. a4 Kd7 41. Nd4 Bd6 42. b5 a5 43. Kf2 h6 44. h3 Be5 45. Nc6 Bc7 46. g4 fxg4 47. hxg4 h5 48. gxh5 gxh5 49. Kg2 Kd6 50. Nd4 Bd8 51. Nb3 Bg5 52. Kf2 h4 53. Nd4 h3 54. Nf5+ Kc5 55. Ng3 Bh4 0-1

[Event "RF-2018-0-00440"]
[Site "LSS email"]
[Date "2018.07.02"]
[Round "?"]
[White "Semenov, Zhenya"]
[Black "Shim Ng Min, Francis"]
[Result "1/2-1/2"]
[WhiteElo "844"]
[BlackElo "1155"]
[PlyCount "64"]
[EventDate "2018.06.11"]
[EventType "tourn (corr)"]
[EventRounds "6"]
[EventCountry "GER"]
[SourceTitle "Corr 2022"]
[Source "ChessBase"]
[SourceDate "2021.10.24"]
[SourceVersion "1"]
[SourceVersionDate "2021.10.24"]
[SourceQuality "1"]

1. Nf3 Nf6 2. g3 d5 3. Bg2 e6 4. d4 Be7 5. 0-0 0-0 6. b3 c5 7. Bb2 Nc6 8. c4 dxc4 9. bxc4 cxd4 10. Nxd4 Nxd4 11. Qxd4 Qxd4 12. Bxd4 Rd8 13. e3 Nd7 14. a4 Bf6 15. Na3 Bxd4 16. exd4 Rb8 17. Rab1 b6 18. Nb5 a6 19. Na7 Bb7 20. Nc6 Bxc6 21. Bxc6 Nf6 22. Rfd1 Rdc8 23. d5 Ne4 24. Rdc1 Nd2 25. Rb2 Nf3+ 26. Kg2 Ne5 27. Rcb1 Nxc6 28. dxc6 Rxc6 29. a5 Rxc4 30. Rxb6 Ra8 31. Rxa6 Rcc8 32. Rbb6 g6 1/2-1/2

[Event "RF-2018-0-00441"]
[Site "LSS email"]
[Date "2018.07.02"]
[Round "?"]
[White "Shim Ng Min, Francis"]
[Black "Semenov, Zhenya"]
[Result "1/2-1/2"]
[WhiteElo "1142"]
[BlackElo "853"]
[PlyCount "35"]
[EventDate "2018.06.17"]
[EventType "tourn (corr)"]
[EventRounds "6"]
[EventCountry "GER"]
[SourceTitle "Corr 2022"]
[Source "ChessBase"]
[SourceDate "2021.10.24"]
[SourceVersion "1"]
[SourceVersionDate "2021.10.24"]
[SourceQuality "1"]

1. e4 c5 2. Nf3 Nc6 3. Bb5 d6 4. h3 Bd7 5. 0-0 g6 6. d4 cxd4 7. Nxd4 Bg7 8. Nxc6 bxc6 9. Bc4 Nf6 10. Nc3 0-0 11. Bf4 Nh5 12. Be3 Be6 13. Bxe6 fxe6 14. Qg4 e5 15. Rad1 Qc8 16. Qxc8 Rfxc8 17. b3 Nf4 18. Kh2 1/2-1/2

[Event "RN-2018-0-01449"]
[Site "LSS email"]
[Date "2018.07.02"]
[Round "?"]
[White "Venturas, Bob"]
[Black "Semenov, Zhenya"]
[Result "0-1"]
[WhiteElo "598"]
[BlackElo "849"]
[PlyCount "86"]
[EventDate "2018.06.19"]
[EventType "tourn (corr)"]
[EventRounds "6"]
[EventCountry "GER"]
[SourceTitle "Corr 2022"]
[Source "ChessBase"]
[SourceDate "2021.10.24"]
[SourceVersion "1"]
[SourceVersionDate "2021.10.24"]
[SourceQuality "1"]

1. e4 c5 2. Nf3 Nc6 3. Nc3 e6 4. d4 cxd4 5. Nxd4 a6 6. Nxc6 bxc6 7. a3 Bc5 8. Be3 Bxe3 9. fxe3 Qb6 10. Qc1 Nf6 11. Bd3 Ng4 12. 0-0 Qxe3+ 13. Qxe3 Nxe3 14. Rf3 Ng4 15. h3 Ne5 16. Rf2 Nxd3 17. cxd3 d5 18. exd5 cxd5 19. Raf1 0-0 20. Na4 Rb8 21. b4 a5 22. Rb2 Ba6 23. Rd1 axb4 24. axb4 Rfc8 25. Nc5 Bb5 26. d4 Bc4 27. Rdb1 Bb5 28. Ra1 h6 29. Ra7 Ra8 30. Rba2 Rxa7 31. Rxa7 Kf8 32. Rb7 Bc4 33. b5 e5 34. Nd7+ Ke8 35. Nxe5 f6 36. Ng6 Bd3 37. Nf4 Be4 38. Ne6 Rc1+ 39. Kh2 Rc2 40. Nxg7+ Kd8 41. b6 Rxg2+ 42. Kh1 Rxg7+ 43. Kh2 Rxb7 0-1

[Event "RN-2018-0-01445"]
[Site "LSS email"]
[Date "2018.06.20"]
[Round "?"]
[White "Kuttner, Jaromir"]
[Black "Semenov, Zhenya"]
[Result "0-1"]
[WhiteElo "943"]
[BlackElo "837"]
[PlyCount "86"]
[EventDate "2018.06.05"]
[EventType "tourn (corr)"]
[EventRounds "6"]
[EventCountry "GER"]
[SourceTitle "Corr 2022"]
[Source "ChessBase"]
[SourceDate "2021.10.24"]
[SourceVersion "1"]
[SourceVersionDate "2021.10.24"]
[SourceQuality "1"]

1. e4 e5 2. Nf3 Nc6 3. d4 exd4 4. Nxd4 Nf6 5. Nc3 Bc5 6. Nxc6 bxc6 7. Bg5 Be7 8. Bc4 0-0 9. 0-0 d6 10. Qe2 Nd7 11. Bxe7 Qxe7 12. Rae1 Ne5 13. Bb3 Be6 14. Bxe6 fxe6 15. f4 Nd7 16. f5 e5 17. Qc4+ Kh8 18. Qxc6 Nc5 19. Nd5 Qd7 20. Qxd7 Nxd7 21. Nxc7 Rac8 22. Ne6 Rf6 23. c3 Nf8 24. Ng5 h6 25. Nf3 g5 26. g4 Nd7 27. Re3 a5 28. h4 Rg8 29. h5 Rb8 30. b3 Kg7 31. c4 Nc5 32. Rd1 a4 33. Ne1 axb3 34. axb3 Rxb3 35. Rxb3 Nxb3 36. Rd3 Nd4 37. Kf2 Kf7 38. Rxd4 exd4 39. Nf3 Ke7 40. Nxd4 Rf8 41. Ne6 Rc8 42. Ke3 Rxc4 43. Kd3 Rc1 0-1

[Event "RN-2018-0-01445"]
[Site "LSS email"]
[Date "2018.06.20"]
[Round "?"]
[White "Venturas, Bob"]
[Black "Semenov, Zhenya"]
[Result "0-1"]
[WhiteElo "646"]
[BlackElo "837"]
[PlyCount "80"]
[EventDate "2018.06.05"]
[EventType "tourn (corr)"]
[EventRounds "6"]
[EventCountry "GER"]
[SourceTitle "Corr 2022"]
[Source "ChessBase"]
[SourceDate "2021.10.24"]
[SourceVersion "1"]
[SourceVersionDate "2021.10.24"]
[SourceQuality "1"]

1. e4 e5 2. Nf3 Nc6 3. a3 Bc5 4. Nc3 d6 5. h3 h6 6. Bc4 Nf6 7. d3 a6 8. 0-0 Be6 9. Bxe6 fxe6 10. Be3 Nd4 11. Nh4 Kd7 12. Na4 Ba7 13. b4 b5 14. Nc3 Nxe4 15. Nxe4 Qxh4 16. c3 Nf5 17. Qf3 Nxe3 18. fxe3 Rhf8 19. Qe2 d5 20. Nc5+ Ke7 21. d4 Bxc5 22. bxc5 exd4 23. cxd4 c6 24. Rxf8 Rxf8 25. Rf1 Rf6 26. a4 Rxf1+ 27. Qxf1 bxa4 28. Qxa6 Qe1+ 29. Kh2 Qxe3 30. Qxa4 Qf4+ 31. Kh1 Qf1+ 32. Kh2 Qf4+ 33. Kh1 Qc7 34. Qd1 Qf4 35. Kg1 g6 36. Qg4 Qxg4 37. hxg4 Kf6 38. Kf2 e5 39. Ke3 exd4+ 40. Kxd4 Kg5 0-1

[Event "SN-2018-0-00930"]
[Site "LSS email"]
[Date "2018.06.19"]
[Round "?"]
[White "Strnad, Pavel"]
[Black "Semenov, Zhenya"]
[Result "1-0"]
[WhiteElo "511"]
[BlackElo "834"]
[PlyCount "81"]
[EventDate "2018.05.25"]
[EventType "tourn (corr)"]
[EventRounds "6"]
[EventCountry "GER"]
[SourceTitle "Corr 2022"]
[Source "ChessBase"]
[SourceDate "2021.10.24"]
[SourceVersion "1"]
[SourceVersionDate "2021.10.24"]
[SourceQuality "1"]

1. e4 c5 2. f4 Nc6 3. Nf3 g6 4. Nc3 Bg7 5. Nd5 Nf6 6. Nxf6+ Bxf6 7. e5 Bg7 8. d4 cxd4 9. Nxd4 0-0 10. Bc4 Nxd4 11. Qxd4 d6 12. Qe4 Qb6 13. Bb3 dxe5 14. Be3 Qc6 15. Qxc6 bxc6 16. 0-0-0 Bf5 17. h3 exf4 18. Bxf4 e5 19. Be3 a5 20. a4 Kh8 21. Rd7 Be6 22. Bxe6 fxe6 23. Rd6 Rac8 24. Bb6 Rf4 25. b3 Bh6 26. Be3 Rh4 27. Bxh6 Rxh6 28. Rxe6 Kg7 29. Rxe5 c5 30. g4 c4 31. Rxa5 cxb3 32. h4 Rxc2+ 33. Kb1 Rg2 34. Rg5 Ra2 35. a5 Kf6 36. Rb5 Ke6 37. Rh3 Rg2 38. Rbxb3 Rxg4 39. a6 Rg1+ 40. Ka2 Rd1 41. a7 1-0

[Event "SN-2018-0-00929"]
[Site "LSS email"]
[Date "2018.06.16"]
[Round "?"]
[White "Semenov, Zhenya"]
[Black "Plummer, Martin"]
[Result "0-1"]
[WhiteElo "858"]
[BlackElo "1142"]
[PlyCount "66"]
[EventDate "2018.05.22"]
[EventType "tourn (corr)"]
[EventRounds "6"]
[EventCountry "GER"]
[SourceTitle "Corr 2022"]
[Source "ChessBase"]
[SourceDate "2021.10.24"]
[SourceVersion "1"]
[SourceVersionDate "2021.10.24"]
[SourceQuality "1"]

1. Nf3 d5 2. d4 e6 3. c4 dxc4 4. Qa4+ Nc6 5. Qxc4 a6 6. Nc3 g6 7. d5 exd5 8. Qxd5 Qxd5 9. Nxd5 Bd6 10. Bd2 Be6 11. Nf4 Bxf4 12. Bxf4 0-0-0 13. e3 Nb4 14. Nd4 Rxd4 15. exd4 Nc2+ 16. Kd2 Nxa1 17. Bd3 Nb3+ 18. axb3 Bxb3 19. Rc1 c6 20. Re1 Kd7 21. g4 Ne7 22. Kc3 Be6 23. Be5 Nd5+ 24. Kd2 f6 25. Bg3 Bxg4 26. h4 Re8 27. Rxe8 Kxe8 28. Be4 Ne7 29. b4 Bf5 30. f3 Be6 31. Bd6 f5 32. Bd3 Kd7 33. Bf4 Nd5 0-1

[Event "SN-2018-0-00923"]
[Site "LSS email"]
[Date "2018.05.11"]
[Round "?"]
[White "Semenov, Zhenya"]
[Black "Strnad, Pavel"]
[Result "1-0"]
[WhiteElo "886"]
[BlackElo "518"]
[PlyCount "91"]
[EventDate "2018.04.16"]
[EventType "tourn (corr)"]
[EventRounds "6"]
[EventCountry "GER"]
[SourceTitle "Corr 2022"]
[Source "ChessBase"]
[SourceDate "2021.10.24"]
[SourceVersion "1"]
[SourceVersionDate "2021.10.24"]
[SourceQuality "1"]

1. e4 e5 2. Nf3 Nc6 3. Bc4 Nf6 4. d3 h6 5. 0-0 Bc5 6. Nc3 0-0 7. Nd5 d6 8. Be3 Bxe3 9. Nxf6+ Qxf6 10. fxe3 Be6 11. Bd5 Bd7 12. Qe2 Nb4 13. Bb3 Be6 14. c3 Nc6 15. d4 Bxb3 16. axb3 Rfe8 17. d5 Nd8 18. b4 a6 19. b5 a5 20. b4 b6 21. c4 Nb7 22. bxa5 Rxa5 23. Nd2 Qe7 24. Nb3 Rxa1 25. Rxa1 Kh7 26. Ra7 Nd8 27. Qg4 f6 28. Nd2 Nf7 29. Nf1 Ng5 30. h4 Nf7 31. Ng3 Qd8 32. Nf5 Rg8 33. Kf2 Qb8 34. Ra6 Qc8 35. Qf3 Qd8 36. g4 g6 37. Ng3 Qe7 38. Kg2 g5 39. Qf5+ Kh8 40. Nh5 Qf8 41. Nxf6 Rg7 42. Ra7 Qd8 43. Nh5 Rh7 44. Qf6+ Kg8 45. Qxd8+ Nxd8 46. Nf6+ 1-0

[Event "RN-2018-0-01428"]
[Site "LSS email"]
[Date "2018.04.24"]
[Round "?"]
[White "Semenov, Zhenya"]
[Black "Kuttner, Jaromir"]
[Result "0-1"]
[WhiteElo "882"]
[BlackElo "895"]
[PlyCount "96"]
[EventDate "2018.04.07"]
[EventType "tourn (corr)"]
[EventRounds "6"]
[EventCountry "GER"]
[SourceTitle "Corr 2022"]
[Source "ChessBase"]
[SourceDate "2021.10.24"]
[SourceVersion "1"]
[SourceVersionDate "2021.10.24"]
[SourceQuality "1"]

1. Nf3 Nf6 2. g3 g6 3. Bg2 Bg7 4. 0-0 0-0 5. d4 d5 6. b3 Bf5 7. Nh4 Be4 8. Bxe4 Nxe4 9. f3 Nd6 10. Bb2 c5 11. Na3 cxd4 12. Bxd4 e5 13. Bc5 d4 14. Ng2 Na6 15. Bxd6 Qxd6 16. Nc4 Qc5 17. Ne1 e4 18. a3 d3+ 19. Kg2 dxc2 20. Nxc2 Bxa1 21. Qxa1 Rae8 22. f4 b5 23. N4e3 Nc7 24. b4 Rd8 25. Qe5 Qxe5 26. fxe5 Rd2 27. Rf2 h5 28. h4 Na8 29. Kf1 Nb6 30. g4 hxg4 31. Kg2 Nd7 32. e6 fxe6 33. Rxf8+ Kxf8 34. Kf2 Ne5 35. Ne1 Ra2 36. N1g2 Kf7 37. Nf4 Rxa3 38. Nc2 g3+ 39. Kg2 Rb3 40. Nd4 Rxb4 41. Ndxe6 a5 42. Ng5+ Ke8 43. Nd5 Rb3 44. Nxe4 a4 45. Ndf6+ Kf7 46. Nd5 a3 47. Ng5+ Kg8 48. Nf6+ Kf8 0-1

[Event "RF-2018-0-00430"]
[Site "LSS email"]
[Date "2018.04.09"]
[Round "?"]
[White "Zmolil, Karel"]
[Black "Semenov, Zhenya"]
[Result "1-0"]
[WhiteElo "1245"]
[BlackElo "856"]
[PlyCount "71"]
[EventDate "2018.03.20"]
[EventType "tourn (corr)"]
[EventRounds "6"]
[EventCountry "GER"]
[SourceTitle "Corr 2022"]
[Source "ChessBase"]
[SourceDate "2021.10.24"]
[SourceVersion "1"]
[SourceVersionDate "2021.10.24"]
[SourceQuality "1"]

1. c4 e5 2. Nc3 f5 3. e4 d6 4. Bd3 f4 5. h3 Nf6 6. Bc2 Be7 7. d3 Be6 8. Nf3 h6 9. Bd2 c6 10. Qe2 Qb6 11. b3 Nbd7 12. Na4 Qc7 13. Bc3 0-0 14. d4 exd4 15. Nxd4 Bf7 16. Nf3 Ne5 17. 0-0 c5 18. Nxe5 dxe5 19. Nb2 Bd6 20. Bd1 Nh7 21. Nd3 Qe7 22. Qb2 Qg5 23. Nxe5 Be6 24. Nf3 Qe7 25. Ne5 Bxe5 26. Bxe5 Ng5 27. f3 Rad8 28. Be2 Kh7 29. Rad1 Bxh3 30. Rxd8 Rxd8 31. Bxf4 Bc8 32. Rd1 Rxd1+ 33. Bxd1 Ne6 34. Be3 Qd6 35. Bc2 b6 36. e5+ 1-0

[Event "RF-2018-0-00430"]
[Site "LSS email"]
[Date "2018.04.08"]
[Round "?"]
[White "Pliska, Miroslav"]
[Black "Semenov, Zhenya"]
[Result "1-0"]
[WhiteElo "1207"]
[BlackElo "856"]
[PlyCount "51"]
[EventDate "2018.03.20"]
[EventType "tourn (corr)"]
[EventRounds "6"]
[EventCountry "GER"]
[SourceTitle "Corr 2022"]
[Source "ChessBase"]
[SourceDate "2021.10.24"]
[SourceVersion "1"]
[SourceVersionDate "2021.10.24"]
[SourceQuality "1"]

1. f4 c5 2. Nf3 Nc6 3. e3 d5 4. Bb5 Bd7 5. 0-0 e6 6. Bxc6 Bxc6 7. Ne5 Bb5 8. Rf3 f6 9. Ng4 Ne7 10. d3 h5 11. Nf2 g6 12. Nd2 Bg7 13. Nh3 Qc7 14. e4 0-0-0 15. Qe2 Nc6 16. Qf2 Nd4 17. Rg3 Nxc2 18. Rb1 dxe4 19. dxe4 Bd3 20. Rxg6 Nd4 21. Ra1 Nc2 22. Rb1 Nd4 23. Ra1 Nc2 24. Qg3 Rhg8 25. Rb1 Nd4 26. Qxd3 1-0

[Event "RF-2018-0-00430"]
[Site "LSS email"]
[Date "2018.04.08"]
[Round "?"]
[White "Salata, Pavol"]
[Black "Semenov, Zhenya"]
[Result "1-0"]
[WhiteElo "1346"]
[BlackElo "856"]
[PlyCount "69"]
[EventDate "2018.03.20"]
[EventType "tourn (corr)"]
[EventRounds "6"]
[EventCountry "GER"]
[SourceTitle "Corr 2022"]
[Source "ChessBase"]
[SourceDate "2021.10.24"]
[SourceVersion "1"]
[SourceVersionDate "2021.10.24"]
[SourceQuality "1"]

1. e4 c5 2. Nf3 Nc6 3. d4 cxd4 4. Nxd4 Nf6 5. Nc3 e5 6. Ndb5 d6 7. Bg5 a6 8. Na3 b5 9. Nd5 Be7 10. Nxe7 Nxe7 11. Bxf6 gxf6 12. Qd2 d5 13. f3 d4 14. 0-0-0 Bd7 15. Kb1 Qb6 16. f4 0-0 17. fxe5 fxe5 18. c3 Bc6 19. cxd4 Bxe4+ 20. Bd3 Qxd4 21. Nc2 Bxd3 22. Qxd3 Qxd3 23. Rxd3 e4 24. Re3 f5 25. g3 Rad8 26. Kc1 Nd5 27. Re2 Rc8 28. Kb1 a5 29. Rd1 Nb6 30. b3 a4 31. Rd6 axb3 32. axb3 Na8 33. Nd4 Rc5 34. Ne6 Rc3 35. Nxf8 1-0

[Event "RF-2018-0-00430"]
[Site "LSS email"]
[Date "2018.04.08"]
[Round "?"]
[White "Semenov, Zhenya"]
[Black "Verich, Oleg"]
[Result "1-0"]
[WhiteElo "856"]
[BlackElo "1150"]
[PlyCount "111"]
[EventDate "2018.03.20"]
[EventType "tourn (corr)"]
[EventRounds "6"]
[EventCountry "GER"]
[SourceTitle "Corr 2022"]
[Source "ChessBase"]
[SourceDate "2021.10.24"]
[SourceVersion "1"]
[SourceVersionDate "2021.10.24"]
[SourceQuality "1"]

1. Nf3 d5 2. d4 e6 3. c4 c5 4. e3 Nc6 5. Nc3 cxd4 6. Nxd4 Nxd4 7. Qxd4 dxc4 8. Qxd8+ Kxd8 9. Bxc4 Bb4 10. Bd2 Nf6 11. 0-0-0 Ke7 12. a3 Bxc3 13. Bxc3 Bd7 14. Kb1 Rhd8 15. Bb4+ Ke8 16. f3 a5 17. Bd6 b5 18. Ba2 Bc6 19. e4 Rd7 20. Be5 Rad8 21. Bb3 Rxd1+ 22. Rxd1 Rxd1+ 23. Bxd1 Ke7 24. Kc2 Ne8 25. Bc3 a4 26. e5 Nc7 27. Bb4+ Ke8 28. Kd3 Nd5 29. g3 f6 30. Bd6 Kf7 31. f4 Nb6 32. b3 axb3 33. Bxb3 Bg2 34. Kd4 Bf1 35. Bc2 Nc4 36. Bd3 fxe5+ 37. fxe5 Bxd3 38. Kxd3 Ke8 39. Kd4 Nxd6 40. exd6 Kd7 41. Ke5 g6 42. h3 h6 43. h4 h5 44. Kf6 Kxd6 45. Kxg6 e5 46. Kxh5 e4 47. Kg4 Kd5 48. h5 Kd4 49. h6 Kd3 50. h7 e3 51. h8Q e2 52. Qa1 Kd2 53. Qb2+ Kd1 54. Qd4+ Kc2 55. Qe3 Kd1 56. Qd3+ 1-0

[Event "SN-2018-0-00916"]
[Site "LSS email"]
[Date "2018.03.29"]
[Round "?"]
[White "Venturas, Bob"]
[Black "Semenov, Zhenya"]
[Result "0-1"]
[WhiteElo "755"]
[BlackElo "842"]
[PlyCount "84"]
[EventDate "2018.03.16"]
[EventType "tourn (corr)"]
[EventRounds "6"]
[EventCountry "GER"]
[SourceTitle "Corr 2022"]
[Source "ChessBase"]
[SourceDate "2021.10.24"]
[SourceVersion "1"]
[SourceVersionDate "2021.10.24"]
[SourceQuality "1"]

1. e4 c5 2. Bc4 e6 3. d4 cxd4 4. Qxd4 Nc6 5. Qd1 Bc5 6. Nf3 Nge7 7. a3 d5 8. exd5 exd5 9. Bb5 Bd7 10. 0-0 0-0 11. Nc3 a6 12. Bd3 d4 13. Ne4 Ba7 14. Bg5 h6 15. Bh4 Qb6 16. Re1 Nf5 17. Nf6+ gxf6 18. Bxf6 Nd8 19. Qd2 Qxf6 20. Re5 Nc6 21. Re4 Ng7 22. Rae1 Rae8 23. Qe2 Rxe4 24. Qxe4 Bf5 25. Qe2 Bxd3 26. cxd3 Re8 27. Qd2 Rxe1+ 28. Qxe1 Ne6 29. h3 Qf4 30. b4 Bb8 31. Qe4 Qc1+ 32. Ne1 Qf4 33. Qd5 Qe5 34. Qe4 Qh2+ 35. Kf1 Qf4 36. g3 Qxe4 37. dxe4 Ne5 38. f4 Nc4 39. a4 Nb2 40. a5 d3 41. f5 Nd4 42. g4 d2 0-1

[Event "SN-2018-0-00916"]
[Site "LSS email"]
[Date "2018.03.29"]
[Round "?"]
[White "Vontina, Maria"]
[Black "Semenov, Zhenya"]
[Result "1/2-1/2"]
[WhiteElo "885"]
[BlackElo "842"]
[PlyCount "139"]
[EventDate "2018.03.16"]
[EventType "tourn (corr)"]
[EventRounds "6"]
[EventCountry "GER"]
[SourceTitle "Corr 2022"]
[Source "ChessBase"]
[SourceDate "2021.10.24"]
[SourceVersion "1"]
[SourceVersionDate "2021.10.24"]
[SourceQuality "1"]

1. e4 c5 2. Nf3 Nc6 3. d4 cxd4 4. Nxd4 Nf6 5. Nc3 e5 6. Ndb5 d6 7. Bg5 a6 8. Na3 b5 9. Nd5 Be7 10. Bxf6 Bxf6 11. c3 0-0 12. Be2 Bg5 13. 0-0 Be6 14. Nc2 Rb8 15. Ncb4 Nxb4 16. Nxb4 Qb6 17. Qd3 Bc4 18. Qf3 Bxe2 19. Qxe2 f5 20. exf5 Rxf5 21. Rad1 Rd8 22. Rd5 Be7 23. Nc2 Rdf8 24. Ne3 R5f7 25. b3 Bg5 26. Nd1 Qc6 27. Rd3 e4 28. Rg3 Bh6 29. Rg4 d5 30. Rg3 Bf4 31. Rh3 Qg6 32. Ne3 Qe6 33. Qh5 Qh6 34. Qxh6 gxh6 35. Nxd5 Bg5 36. Ne3 a5 37. c4 b4 38. Nd5 Kg7 39. f4 Bxf4 40. Nxf4 Rxf4 41. Rxf4 Rxf4 42. Re3 Kf6 43. h3 Ke5 44. g3 Rf6 45. Re2 Kd4 46. Rf2 Rg6 47. g4 h5 48. Rg2 hxg4 49. Rxg4 Rh6 50. h4 Kd3 51. Kf2 e3+ 52. Ke1 Rf6 53. Rg8 Re6 54. Rd8+ Kc2 55. Ke2 Kb2 56. Rd3 Rh6 57. Rxe3 Kxa2 58. Rh3 Re6+ 59. Kd2 h5 60. Rg3 Re4 61. Rh3 Kb2 62. Kd1 Rg4 63. Kd2 Rg2+ 64. Kd1 Rc2 65. Ke1 Rc1+ 66. Kd2 Rc2+ 67. Kd1 Rc1+ 68. Kd2 Rc2+ 69. Kd1 Rc1+ 70. Kd2 1/2-1/2

[Event "SN-2018-0-00915"]
[Site "LSS email"]
[Date "2018.03.26"]
[Round "?"]
[White "Plummer, Martin"]
[Black "Semenov, Zhenya"]
[Result "1-0"]
[WhiteElo "1162"]
[BlackElo "873"]
[PlyCount "95"]
[EventDate "2018.03.07"]
[EventType "tourn (corr)"]
[EventRounds "6"]
[EventCountry "GER"]
[SourceTitle "Corr 2022"]
[Source "ChessBase"]
[SourceDate "2021.10.24"]
[SourceVersion "1"]
[SourceVersionDate "2021.10.24"]
[SourceQuality "1"]

1. e4 c5 2. Nf3 Nc6 3. d4 cxd4 4. Nxd4 Nf6 5. Nc3 e5 6. Nb3 d6 7. Be3 Be7 8. f3 a6 9. Be2 b5 10. a3 Be6 11. 0-0 0-0 12. Nd5 Bxd5 13. exd5 Na5 14. Nxa5 Qxa5 15. c4 bxc4 16. Bxc4 Rfc8 17. b3 Nd7 18. Kh1 f5 19. f4 e4 20. h3 Bf6 21. Ra2 Qd8 22. Qe2 a5 23. g4 g6 24. gxf5 gxf5 25. Rg1+ Kh8 26. Qh5 Qe8 27. Qxf5 Qe7 28. Rag2 Rg8 29. Rg4 Rxg4 30. hxg4 Bg7 31. g5 Rf8 32. Qh3 Qf7 33. Bd2 Qg6 34. Bxa5 Nb8 35. Bd2 Bd4 36. Rg2 Rf5 37. a4 Nd7 38. a5 Nc5 39. a6 Nd3 40. Bxd3 exd3 41. Qxd3 Qh5+ 42. Rh2 Qd1+ 43. Kg2 Qg1+ 44. Kh3 Rf7 45. Qe2 h6 46. Qe8+ Kg7 47. gxh6+ Kg6 48. Rg2+ 1-0